Piosenki zespołu Poparzeni Kawą Trzy - nagła śmierć - Statystyki

Ogólne statystyki
  • Ten quiz został rozwiązany 48 razy
  • Średni wynik to 4 z 9
Answers on the Grid
Answers color-coded by a green-red scale on the quiz's grid according to % correct below.
Byłaś dla mnie wszystkim
Szminki róż
Okrutna, zła i podła
Piła Tango
Jej czarne oczy
Ktoś nowy
Otwieram wino
Czarny chleb i czarna kawa
Kawałek do tańca
Załoga G
Wezmę Cię
Wszystko ma swój czas
Szukam Cię wszędzie
Dni, których nie znamy
To co nam było
Zakochaj się we mnie
Urodziłem się w Polsce
Dzieci wybiegły
5 minut
Napraw
Dla mnie masz stajla
Jarosław Ka
Skarpeta i sandał
Żono moja
 
Statystyki odpowiedzi
Odpowiedź % Poprawnych
Byłaś dla mnie wszystkim
94%
Kawałek do tańca
62%
Okrutna, zła i podła
62%
Jarosław Ka
41%
Szukam Cię wszędzie
35%
Wezmę Cię
35%
Skarpeta i sandał
32%
Zakochaj się we mnie
29%
5 minut
15%
Nie znaleziono quizów pasujących do podanych kryteriów
Rozkład punktacji
Procent ludzi z każdym wynikiem
Percentyl według liczby udzielonych odpowiedzi
Twoja historia wyników
Nie rozwiązałeś tego quizu